<?xml version="1.0" encoding="UTF-8"?>
<record
    xmlns:xsi="http://www.w3.org/2001/XMLSchema-instance"
    xsi:schemaLocation="http://www.loc.gov/MARC21/slim http://www.loc.gov/standards/marcxml/schema/MARC21slim.xsd"
    xmlns="http://www.loc.gov/MARC21/slim">

  <leader>01072nam a22002894i 4500</leader>
  <datafield tag="999" ind1=" " ind2=" ">
    <subfield code="c">7825</subfield>
    <subfield code="d">7825</subfield>
  </datafield>
  <controlfield tag="001">991061040263406706</controlfield>
  <controlfield tag="003">OSt</controlfield>
  <controlfield tag="005">20231205120209.0</controlfield>
  <controlfield tag="008">231102e202309  spc|||||||||||||| ||spa|c</controlfield>
  <datafield tag="017" ind1=" " ind2=" ">
    <subfield code="a">DL. B.17947-2023</subfield>
    <subfield code="b">Biblioteca de Catalunya</subfield>
  </datafield>
  <datafield tag="020" ind1=" " ind2=" ">
    <subfield code="a">9788411660037</subfield>
  </datafield>
  <datafield tag="040" ind1=" " ind2=" ">
    <subfield code="a">ES-BaUOC</subfield>
    <subfield code="b">cat</subfield>
    <subfield code="e">rda</subfield>
    <subfield code="c">CDMR</subfield>
  </datafield>
  <datafield tag="100" ind1="1" ind2=" ">
    <subfield code="a">Moreno, Angeles,</subfield>
  </datafield>
  <datafield tag="245" ind1="1" ind2="0">
    <subfield code="a">Excelencia en comunicaci&#xF3;n :</subfield>
    <subfield code="b">c&#xF3;mo desarrollar, dirigir y liderar comunicaciones excepcionales (European Communication Monitor) /</subfield>
    <subfield code="c">&#xC1;ngeles Moreno [i 6 m&#xE9;s] ; pr&#xF3;logo de Juan Carlos Molleda</subfield>
  </datafield>
  <datafield tag="264" ind1=" " ind2="1">
    <subfield code="a">Barcelona :</subfield>
    <subfield code="b">UOC,</subfield>
    <subfield code="c">2023</subfield>
  </datafield>
  <datafield tag="300" ind1=" " ind2=" ">
    <subfield code="a">341 p&#xE0;gines ;</subfield>
    <subfield code="c">24 cm</subfield>
  </datafield>
  <datafield tag="490" ind1="1" ind2=" ">
    <subfield code="a">Dircom</subfield>
  </datafield>
  <datafield tag="504" ind1=" " ind2=" ">
    <subfield code="a">Bibliografia</subfield>
  </datafield>
  <datafield tag="505" ind1=" " ind2=" ">
    <subfield code="a">Cont&#xE9; aportacions de: Cristina Fuentes-Lara, Noelia Zurro-Ant&#xF3;n, Ralph Tench, Ansgar Zerfass, Dejan Vercic, Piet Verhoeven</subfield>
  </datafield>
  <datafield tag="650" ind1=" " ind2="0">
    <subfield code="a">Comunicaci&#xF3; en l'empresa</subfield>
    <subfield code="9">2798</subfield>
    <subfield code="z">Europa</subfield>
  </datafield>
  <datafield tag="650" ind1=" " ind2="0">
    <subfield code="a">Gabinets de premsa</subfield>
    <subfield code="9">3333</subfield>
    <subfield code="z">Europa</subfield>
  </datafield>
  <datafield tag="650" ind1=" " ind2="7">
    <subfield code="a">Cultura organitzativa.</subfield>
    <subfield code="2">lemac</subfield>
    <subfield code="z">Europa</subfield>
  </datafield>
  <datafield tag="830" ind1=" " ind2="0">
    <subfield code="a">Dircom</subfield>
  </datafield>
  <datafield tag="908" ind1=" " ind2=" ">
    <subfield code="a">UOC</subfield>
  </datafield>
  <datafield tag="940" ind1=" " ind2=" ">
    <subfield code="a">UOC</subfield>
  </datafield>
  <datafield tag="942" ind1=" " ind2=" ">
    <subfield code="2">udc</subfield>
    <subfield code="c">MON</subfield>
  </datafield>
  <datafield tag="952" ind1=" " ind2=" ">
    <subfield code="0">0</subfield>
    <subfield code="1">0</subfield>
    <subfield code="4">0</subfield>
    <subfield code="7">0</subfield>
    <subfield code="a">CDMR</subfield>
    <subfield code="b">CDMR</subfield>
    <subfield code="d">2023-12-05</subfield>
    <subfield code="e">Donaci&#xF3;</subfield>
    <subfield code="g">36.00</subfield>
    <subfield code="l">0</subfield>
    <subfield code="o">Cm 3/63</subfield>
    <subfield code="p">CDMR23120003</subfield>
    <subfield code="r">2023-12-05</subfield>
    <subfield code="w">2023-12-05</subfield>
    <subfield code="y">MON</subfield>
  </datafield>
</record>
